LEADER 01036nam2-2200349---450- 001 990003252860203316 005 20090525092514.0 010 $a88-87847-03-7 035 $a000325286 035 $aUSA01000325286 035 $a(ALEPH)000325286USA01 035 $a000325286 100 $a20090525h2005----km-y0itay0103----ba 101 1 $aeng 102 $aDE 105 $a||||||||001yy 200 1 $a<<2.>> : Constitutional issues, cooperation and enforcement$fClaus Kress ... [et al.] (eds) 210 $aBaden Baden$cNomos$dcopyr. 2005 215 $aXXVI, 543 p.$d24 cm 410 0$12001 461 1$1001000325285$12001 606 0 $aCorte penale internazionale$xStatuto$2BNCF 676 $a341.77 702 1$aKRESS,$bClaus 801 0$aIT$bsalbc$gISBD 912 $a990003252860203316 951 $aXXIII.1.L 29/2$b59796 G.$cXXIII.1.L$d00225009 959 $aBK 969 $aGIU 979 $aIANNONE$b90$c20090525$lUSA01$h0925 996 $aConstitutional issues, cooperation and enforcement$91119535 997 $aUNISA LEADER 01398nam2 2200349 i 450 001 CFI0088934 005 20251003044120.0 010 $a8808038106 020 $aIT$b89-3959 100 $a20160404d1988 ||||0itac50 ba 101 | $aita 102 $ait 181 1$6z01$ai $bxxxe 182 1$6z01$an 183 1$6z01$anc$2RDAcarrier 200 1 $aDella potestà dei genitori$eart. 315-342$fLuigi Ferri 210 $aBologna$cN. Zanichelli$aRoma$cSoc. ed. del Foro italiano$d1988 215 $aXIV, 184 p.$d25 cm. 462 1$1001MIL0047162$12001 $aLibro primo$eDelle persone e della famiglia. 606 $aPatria potestà$2FIR$3CFIC001463$9I 676 $a346.017$9DIRITTO PRIVATO. GENITORI E FIGLI$v20 676 $a346.45017$9FILIAZIONE. ITALIA$v21 676 $a346.45017$9DIRITTO PRIVATO. GENITORI E FIGLI. ITALIA$v23 686 $aII A$cDIRITTO PRIVATO - Diritto civile$2BGG 700 1$aFerri$b, Luigi$f <1914-2007>$3CFIV035924$4070$0437307 801 3$aIT$bIT-000000$c20160404 850 $aIT-BN0095 $aIT-NA0079 $aIT-NA0070 912 $aCFI0088934 950 2$aBiblioteca Centralizzata di Ateneo$c1 v.$d 01COM (AR) 346.45 COM SCI$e 01AR 0070041925 VMA A4 1 v.$fB $h20250108$i20250108 977 $a 01$a BN$a BU 996 $aDella potestà dei genitori$9701395 997 $aUNISANNIO